A problem shared is a problem halved and a rolling stone gathers no moss

Bibliographic Details
Main Author: Kumara Velu 1961-
Format: Book
Published: Kuala Lumpur : Pustaka Printis , 2010
Series:A treasury of english proverb stories
Subjects:

MARC

LEADER 00000cam a2200000 7i4500
001 0000139727
005 20100603.0
020 |a 9789838324632 
090 0 0 |a JF   |b KUM 
100 0 |a Kumara Velu   |c 1961- 
245 1 2 |a A problem shared is a problem halved and a rolling stone gathers no moss   |c Kumara Velu 
260 |a Kuala Lumpur :   |b Pustaka Printis ,   |c 2010 
300 |a 45p. :   |b ill. ;   |c 19cm. 
490 0 |a A treasury of english proverb stories 
650 0 0 |a Children's stories 
999 |a 00234960   |b BUKU   |c PINJAMAN   |e PERPUSTAKAAN KOMUNITI CAW KOTA DAMANSARA 
999 |a 00234961   |b BUKU   |c PINJAMAN   |e PERPUSTAKAAN KOMUNITI PETALING JAYA 
999 |a 00272349   |b BUKU   |c PINJAMAN   |e PERPUSTAKAAN KOMUNITI CAW TAMAN MEDAN